00630nam a2200217 a 450000100100000000500170001000800410002702000180006804000130008608200260009910000310012524500450015625000110020126000360021230000210024849000130026950000550028265000300033765000320036783000130039900000781820200929154316.0090911s2009 dr 001 0 spa d a9789945863093 aDO-SdBNP aPR863.44bP798c, 20091 aPons Irizarry, Luisd1942-13aLa chancla suelta /cLuis Pons Irizarry. a3a ed. aSanto Domingo :bBúho,c2009. a173 p. ;c22 cm.1 aTorrente aIncluye datos biográficos del autor en la solapa 4aCuentos puertorriqueños 4aLiteratura puertorriqueña 0aTorrente